| 000 | 01012nam a22003371 4500 | ||
|---|---|---|---|
| 001 | 01107648 | ||
| 003 | DO-SdBNP | ||
| 005 | 20241022105539.0 | ||
| 007 | 01107648 | ||
| 008 | 920725s2006 pr spa | ||
| 017 |
_a _b |
||
| 020 | _a0847715671 | ||
| 035 | _a | ||
| 040 |
_aBPMSU _bspa _cBPMSU |
||
| 082 | 4 |
_a370.155 _bM244c 2006 _222 |
|
| 100 | 1 | _aMaldonado Dávila, Víctor | |
| 245 | 1 | 0 |
_aCon la otra mano / _cVíctor Maldonado Dávila ; il. Mrinali Alvarez Astacio. _b _h |
| 260 |
_aSan Juan, Puerto Rico : _bUniversidad de Puerto Rico, _c2006 |
||
| 300 |
_a23 p. : _bil,. ; _c21 cm |
||
| 490 | 0 |
_aNueve pececitos ; _aYo apoyo la lectura, Igualito |
|
| 500 | _a | ||
| 590 | _aInventariado, 2024/VM | ||
| 650 | 4 |
_aZurdera _v _2 |
|
| 650 | 4 | _aDestreza manual | |
| 650 | 4 | _aEducación psicomotriz | |
| 700 | 1 |
_aÁlvarez Astacio, Mrinali _eilustración _d |
|
| 710 | 2 | _aUniversidad de Puerto Rico | |
| 900 | _6 | ||
| 910 | _aVMateo V. Control de calidad. BPMSU | ||
| 942 |
_2ddc _cBK |
||
| 999 |
_c14837 _d14837 |
||